Digital consumption in India during 2022–23 and 2023–24 (Record no. 533790)

000 -LEADER
fixed length control field 00982nam a22001337a 4500
008 - FIXED-LENGTH DATA ELEMENTS--GENERAL INFORMATION
fixed length control field 260624b ||||| |||| 00| 0 eng d
100 ## - MAIN ENTRY--PERSONAL NAME
Personal name Pawde, Balu
245 ## - TITLE STATEMENT
Title Digital consumption in India during 2022–23 and 2023–24
260 ## - PUBLICATION, DISTRIBUTION, ETC. (IMPRINT)
Place of publication, distribution, etc Economic & Political Weekly
300 ## - PHYSICAL DESCRIPTION
Extent 61(23), Jun 6, 2026: p.22-26
520 ## - SUMMARY, ETC.
Summary, etc Using HCES 2022–24, the rapid expansion of India’s digital consumption across rural and urban households via online purchases and payments is shown, with rural catch-up but at lower levels. Digital consumption growth is led by non-food services (travel, utilities, clothing) while food remains stagnant. While higher-income and educated households dominate, SC/ST lag, indicating stratification requiring access, connectivity, digital literacy, inclusion policies.- Reproduced

https://www.epw.in/journal/2026/23/commentary/digital-consumption-india-during-2022-23-and-2023.html
773 ## - HOST ITEM ENTRY
Main entry heading Economic & Political Weekly
942 ## - ADDED ENTRY ELEMENTS (KOHA)
Item type Articles
Holdings
Withdrawn status Lost status Source of classification or shelving scheme Damaged status Not for loan Permanent location Current location Date acquired Serial Enumeration / chronology Barcode Date last seen Koha item type
          Indian Institute of Public Administration Indian Institute of Public Administration 2026-06-24 61(23), Jun 6, 2026: p.22-26 AR139252 2026-06-24 Articles

Powered by Koha